Escasez mundial de alimentos y materias primas

Spremljeno u:
Bibliografski detalji
Glavni autor: Orrego Vicuña, Francisco (autor)
Format: Knjiga
Jezik:španjolski
Izdano: Santiago Universitaria 1977
Serija:Estudios Internacionales
Teme:
Oznake: Dodaj oznaku
Bez oznaka, Budi prvi tko označuje ovaj zapis!

MARC

LEADER 00000nam a2200000 a 4500
001 UCV0484
003 CL-VaPUC
008 880928e19770000CL |||||||||||||||||spa|d
082 0 4 |a 338  |b ORR  |2 21 
100 |a Orrego Vicuña, Francisco  |e autor  |9 452093 
245 1 0 |a Escasez mundial de alimentos y materias primas 
300 |a 342 p 
942 |c BK 
945 |d 19880928 00:00:00 
260 |a Santiago  |b Universitaria  |c 1977 
650 0 |a Alimentos  |9 256203 
650 0 |a Recursos naturales  |9 255232 
583 |a last modification  |c 19880928 00:00:00  |k Rodrigo Vera 
490 0 |a Estudios Internacionales 
999 |c 208923  |d 208921 
952 |0 0  |1 0  |4 0  |6 338_000000000000000_ORR_1977  |7 0  |8 A  |9 183928  |a BIBDER  |b BIBDER  |d 2019-11-14  |i 2508494  |o 338 ORR 1977  |p 2508494  |r 2023-01-25  |w 2019-11-14  |y BK  |k DER 
952 |0 0  |1 0  |4 0  |6 338_000000000000000_ORR_1977  |7 0  |8 A  |9 183929  |a BIBING  |b BIBING  |d 2019-11-14  |i 1641735  |o 338 ORR 1977  |p 1641735  |r 2025-01-20  |w 2019-11-14  |y BK  |k GEO 
952 |0 0  |1 0  |4 0  |6 338_000000000000000_ORR_1977  |7 0  |8 A  |9 183930  |a BIBHIS  |b BIBHIS  |d 2019-11-14  |i 1349236  |o 338 ORR 1977  |p 1349236  |r 2025-01-20  |w 2019-11-14  |y BK  |k HIS